UEFA Euro 2024 Groups - Statistics

General Stats
  • This quiz has been taken 194 times
    49 since last reset
  • The average score is 22 of 24
Answer Stats
Answer % Correct
France
100%
Croatia
97%
Germany
97%
Switzerland
97%
England
94%
Italy
94%
Netherlands
94%
Scotland
94%
Spain
94%
Albania
91%
Hungary
91%
Portugal
91%
Romania
91%
Austria
88%
Belgium
88%
Denmark
88%
Serbia
88%
Slovakia
88%
Slovenia
88%
Ukraine
88%
Czechia
79%
Turkey
79%
Poland
76%
Georgia
74%
No matching quizzes found
Score Distribution
Percent of People with Each Score
Percentile by Number Answered
Your Score History
You have not taken this quiz since the last reset